| 000 | 00654nam a2200229 a 4500 | ||
|---|---|---|---|
| 001 | 000026904 | ||
| 003 | DO-SdBNP | ||
| 005 | 20221024102727.0 | ||
| 007 | ta | ||
| 008 | 110328s1982 dr a 000 0 spa d | ||
| 040 |
_aDO-SdBNP _bspa _cBNPHU |
||
| 082 |
_axxxx _bR426a |
||
| 110 | 1 |
_aSecretaria de Estado de Agricultura _954012 |
|
| 245 | 1 | 0 | _aAspectos nutricionales en los sistema de producción bovina |
| 260 |
_aSanto Domingo : _bSecretaria de Estado de Agricultura _c1982 |
||
| 300 |
_as. p. : _bil. ; _c28 cm. |
||
| 505 | _adel 19 al 22 de julio | ||
| 590 | _aInventariado, 2022 / DG | ||
| 700 | _936977 | ||
| 910 | _aDG | ||
| 942 |
_2ddc _cLBS1 |
||
| 999 |
_c52612 _d52612 |
||